| 000 | 00598nam a2200181 4500 | ||
|---|---|---|---|
| 999 |
_c189072 _d189072 |
||
| 005 | 20220613110337.0 | ||
| 010 | _aENG-133234 | ||
| 020 |
_a978-81190-409-56-8 _c350.00 |
||
| 035 | _aEN-116766 | ||
| 037 | _bDBAD/PUB | ||
| 082 | _a940.2 | ||
| 100 | _aMukhopadhyay, Subodh Kumar | ||
| 245 |
_aAn Introduction to Early Modern Europe 1400-1789: _bA Political Social Economic and Cultural History/ _cSubodh Kumar Mukhopadhyay |
||
| 260 |
_aKokata _bPitram _c2007 |
||
| 270 |
_a37A, College Street _bKokata _e73 |
||
| 300 |
_a605p. _bIndex _c22cm(pbk) |
||
| 942 |
_2ddc _cEN _h940.2 _mMUK |
||